01405cam a2200349 a 4500999001900000001000700019003000500026005001700031008004100048010001700089020004000106035002100146040001800167050002400185082002000209245009500229260004500324300003300369440006100402500000800463504005100471650004500522650002800567650003000595700004600625700005100671856008800722856007400810906004500884942001800929952010800947 c332328d332328711322NUST20171124115201.0971202s1998 enka bi 001 0 eng  a 97048848  a0471968056 (hardcover : alk. paper) a(DLC) 97048848 aDLCcDLCdDLC00aTD879.P37bP44 199800a628.529 PES22100aPesticide remediation in soils and water /cedited by Philip C. Kearney and Terry Roberts. aChichester ;aNew York :bWiley,cc1998. axv, 381 p. :bill. ;c24 cm. 0aWiley series in agrochemicals and plant protection96763 aH.B aIncludes bibliographical references and index. 0aPesticidesxEnvironmental aspects.96764 0aSoil remediation.96465 0aWaterxPurification.92641 aKearney, P. C.q(Philip C.),d1932-967651 aRoberts, T. R.q(Terence Robert),d1943-96766423Publisher descriptionuhttp://www.loc.gov/catdir/description/wiley032/97048848.html4 3Table of Contentsuhttp://www.loc.gov/catdir/toc/onix03/97048848.html a7bcbccorignewd1eocipf19gy-gencatlg 2ddccBKkIESE 00102ddc40708NFICaIESEbIESEcGENd2017-11-24l0o628.529 PESpIESE-11r2017-11-24w2017-11-24yBK